University Home | Library Home | Institutional Repository

A study of Nehru/ (Record no. 110601)

MARC details
000 -LEADER
fixed length control field 00403cam a2200145 4500
008 - FIXED-LENGTH DATA ELEMENTS--GENERAL INFORMATION
fixed length control field 090202n 000 0 eng u
035 ## - SYSTEM CONTROL NUMBER
System control number (Sirsi) a163940
050 ## - LIBRARY OF CONGRESS CALL NUMBER
Classification number DS 481.N 35 ZAK 1960
100 ## - MAIN ENTRY--PERSONAL NAME
Personal name
245 ## - TITLE STATEMENT
Title A study of Nehru/
Statement of responsibility, etc. edited by Rafiq Zakaria
260 ## - PUBLICATION, DISTRIBUTION, ETC.
Place of publication, distribution, etc. Bombay:
Name of publisher, distributor, etc. A times of India publication,
Date of publication, distribution, etc. 1960
300 ## - PHYSICAL DESCRIPTION
Extent xxiv, 478p.:
Other physical details ill
650 ## - SUBJECT ADDED ENTRY--TOPICAL TERM
Topical term or geographic name entry element Nehru
700 ## - ADDED ENTRY--PERSONAL NAME
Personal name Zakaria, Rafiq

No items available.

© 2026 - The University of Zambia Library - Koha v25.11